| 000 | 01593nam a22002297a 4500 | ||
|---|---|---|---|
| 999 |
_c59459 _d59459 |
||
| 003 | Ge_BSU | ||
| 005 | 20230224105256.0 | ||
| 008 | 230224s2004 ge ||||| |||| 00| 0 geo d | ||
| 020 | _a9994080466 | ||
| 041 | _ageo | ||
| 080 | _a341.231.4 ე-35 | ||
| 245 |
_aევროპის ქვეყნების საკონსტიტუციო სასამართლოების გადაწყვეტილებები ადამიანის ძირითად უფლებებთან და თავისუფლებებთან დაკავშირებით _c თარგმანი: თამარ მამუკელაშვილი, რუსუდან ტუშური; საქართველოს ახალგაზრდა იურისტთა ასოციაცია. |
||
| 264 |
_aთბილისი : _bსაქართველოს ახალგაზრდა იურისტთა ასოციაცია, _c2004. |
||
| 300 |
_a368 გვ. ; _b24 სმ. |
||
| 653 | _aკანონის წინაშე თანასწორობა | ||
| 653 | _aსიცოცხლის უფლება | ||
| 653 | _aწამების აკრძალვა | ||
| 653 | _aგამოხატვის თავისუფლება | ||
| 700 |
_aმამუკელაშვილი, თამარ _eმთარგმნელი _917022 |
||
| 700 |
_aტუშური, რუსუდან _eმთარგმნელი _916825 |
||
| 942 |
_2udc _cBK |
||